[Event "Cap d'Agde-A"]
[Site "Cap d'Agde"]
[Date "2003.10.25"]
[Round "4"]
[White "Kramnik, Vladimir"]
[Black "Gelfand, Boris"]
[Result "1-0"]
[WhiteElo "2777"]
[BlackElo "2703"]
[Annotator "Ftacnik,L"]
[PlyCount "77"]
[EventDate "2003.10.24"]
[EventType "tourn (rapid)"]
[EventRounds "7"]
[EventCountry "FRA"]
[EventCategory "19"]
[SourceTitle "CBM 098"]
[Source "ChessBase"]
[SourceDate "2004.02.03"]
[SourceVersion "1"]
[SourceVersionDate "2004.02.03"]
[SourceQuality "1"]

1. e4 c5 2. Nf3 d6 3. d4 cxd4 4. Nxd4 Nf6 5. Nc3 a6 6. Be2 e5 7. Nb3 Be7 8. Bg5
Nbd7 9. a4 b6 10. Bc4 Bb7 11. Qe2 O-O 12. O-O Qc7 13. Rfd1 h6 (13... Rfc8 14.
Nd2 h6 15. Bxf6 Nxf6 16. Bb3 Bf8 17. Nf1 Bc6 18. f3 b5 19. Ne3 Qb6 20. Kh1 bxa4
21. Nxa4 Qb7 22. Qd2 Rd8 {1/2-1/2 Karpov,A-Balashov,Y/Riga 1970/ (53)}) 14.
Bxf6 Nxf6 15. Nd5 Nxd5 (15... Bxd5 16. Bxd5 Rac8 17. Qxa6 Nxd5 18. exd5 f5 19.
c3 Bg5 20. Qe2 Ra8 21. Qb5 Rfc8 22. Kf1 Kh7 23. a5 bxa5 24. Nxa5 {1-0 Schmid,
L-Niephaus,W/Nuremberg 1959/ (31)}) 16. Bxd5 Bxd5 17. Rxd5 {Kramnik playes for
a small but lasting advantage due to the weakness on d5 and a chance of
transferring a knight to it.} b5 18. c3 (18. axb5 axb5 19. Rxa8 Rxa8 20. Rxb5
Ra2 21. c4 (21. c3 Qxc3 $1 $15) 21... Ra4 22. Nd2 Bg5 23. b3 Ra2 24. Rd5 Qb6
$11) 18... Qc4 (18... bxa4 19. Rxa4 Rfb8 (19... f5 20. exf5 Qc8 21. g4 h5 22.
h3 $16) 20. Nc1 $14) 19. Qc2 (19. Qxc4 bxc4 20. Nd2 Rfc8 21. Rb1 Rab8 $11)
19... Rfb8 (19... bxa4 20. Na5 Qc7 21. Rxa4 $16) 20. Nd2 (20. Na5 Qc7 21. b4
bxa4 22. Rxa4 Rb5 $14) 20... Qc6 21. a5 Rc8 (21... b4 22. c4 Bg5 23. Nf3 b3 24.
Qc3 $16) 22. Qd3 Rab8 (22... b4 $5 23. c4 (23. cxb4 Rab8 24. b5 Rxb5 25. Rxb5
axb5 26. Nf1 Bg5 $14) 23... Qb7 24. Rc1 $14) 23. g3 Qb7 (23... b4 24. c4 Qb7
$14) 24. Nf1 Rc4 (24... Bg5 25. Rxd6 Rd8 26. Rd5 $16) 25. b3 Rc6 26. Ne3 (26.
h4 Qc7 $1 27. Rc1 Qxa5 $15) 26... g6 {[%mdl 32] Gelfand is not alert enough
and he doesn't fight proerly against the positional thread of Nd5.} (26... Bg5
$1 27. Nf5 (27. Nd1 Qc7 28. Ra2 $11) (27. Nc2 Rbc8 $17) 27... Qc7 28. Rxd6 Rxc3
29. Qd5 Rc5 30. Rd7 Rxd5 31. Rxc7 Rd3 32. h4 Bd8 33. Ra7 Rxb3 34. Rxa6 b4 $11)
(26... Rbc8 $5 27. c4 bxc4 28. bxc4 Qa7 $13) 27. h4 h5 $6 (27... Rbc8 $1) 28.
Qd2 Bf8 29. Nc2 $1 (29. Qe1 Bh6 30. Nc2 Rbc8 31. Rd3 Rc5 32. Nb4 $16) 29... Rc5
(29... Rbc8 30. Rd3 f5 $5 (30... R6c7 31. Nb4 Qxe4 32. Nd5 $16) 31. exf5 e4 32.
Re3 Rc5 33. fxg6 Bh6 34. Qxd6 Bxe3 35. Qe6+ Kh8 36. Nxe3 $18) 30. Nb4 Rbc8 (
30... Rxd5 31. Nxd5 Bg7 32. Rd1 $16) 31. Rd3 $1 (31. Rxc5 dxc5 32. Nd5 Be7 $14)
31... Kh7 (31... Qxe4 32. Nxa6 R5c6 33. Nb4 Rc5 34. Nd5 Qf5 35. a6 $16) 32. Nd5
Bh6 33. Qd1 Rf8 34. Nf6+ Kg7 35. Qf3 b4 $2 {In a rapid chess a tedious defense
is even more difficult, black burns the bridges and goes under.} (35... Qe7 $1
36. Nd5 Qe6 37. Rad1 (37. Nb4 Qxb3 38. Nxa6 Rc4 39. Rxd6 Rxc3 40. Qf6+ Kg8 $11)
37... f5 38. Kg2 $14) 36. cxb4 Qxb4 (36... Rc6 37. Rad1 Qxb4 38. Nd7 Rfc8 39.
Qf6+ Kg8 40. Rf3 $18) 37. Nd7 f5 (37... Rxa5 38. Rxa5 Qxa5 39. Nxf8 Kxf8 40.
Rxd6 $18) 38. Nxf8 Kxf8 39. Rxd6 1-0

[Event "Cap d'Agde KO"]
[Site "Cap d'Agde"]
[Date "2003.10.27"]
[Round "1.1"]
[White "Kramnik, Vladimir"]
[Black "Polgar, Judit"]
[Result "1-0"]
[WhiteElo "2777"]
[BlackElo "2722"]
[Annotator "Ftacnik,L"]
[PlyCount "75"]
[EventDate "2003.10.27"]
[EventType "k.o. (rapid)"]
[EventRounds "4"]
[EventCountry "FRA"]
[SourceTitle "CBM 098"]
[Source "ChessBase"]
[SourceDate "2004.02.03"]
[SourceVersion "1"]
[SourceVersionDate "2004.02.03"]
[SourceQuality "1"]

1. d4 Nf6 2. c4 e6 3. Nf3 b6 4. a3 Bb7 5. Nc3 d5 6. Qc2 c5 7. cxd5 exd5 8. e4
$1 {Kramnik very correctly opens up the center with a bang, since black is ill
prepared for the early opening of the files with 6...c5.} (8. Bf4 Bd6 9. Bxd6
Qxd6 10. e3 O-O 11. Be2 Nbd7 12. dxc5 bxc5 13. O-O Rac8 14. Rfd1 Qe7 15. Rd2
Rfd8 16. Rad1 Nb6 {1/2-1/2 Umanskaya,I-Rakitskaja,M/St Petersburg 2003/ (43)})
8... cxd4 (8... dxe4 9. Bb5+ Bc6 10. Ne5 (10. Qa4 Bxb5 11. Nxb5 Nbd7 12. Ne5 a6
13. Qb3 Nxe5 14. dxe5 axb5 15. exf6 Qd3 16. Qc3 O-O-O 17. Bg5 Rd5 18. Bh4 g5
19. Bg3 Bd6 {1/2-1/2 Farago,I-Frick,C/Germany 1997/ (31)}) 10... Bxb5 11. Qb3
Qe7 12. Qxb5+ Nbd7 13. Qc6 Qd8 14. Nxd7 Nxd7 15. O-O Be7 16. dxc5 Rc8 17. Qa4
Rxc5 18. Rd1 Qc8 19. Be3 Ra5 20. Qd4 Nf6 $11 {0-1 Ryskin,A-Aseev,K/Sochi 1993/
(34)}) 9. Bb5+ Nbd7 (9... Bc6 10. Nxd5 Bxb5 11. Nc7+ Ke7 12. Nxb5 $18) 10. e5
$5 {Taking a risky path in a fight for the whole pointy, other would be
tempted to be satisfied with more conservative 10.Nxd4.} (10. Nxd4 dxe4 (10...
Nxe4 11. Nc6 Bxc6 12. Bxc6 Rc8 13. Nxe4 dxe4 14. Qxe4+ Qe7 15. Be3 $14) 11. Nc6
Bxc6 12. Bxc6 Rc8 13. Nxe4 Be7 14. Nxf6+ Bxf6 15. Qe2+ Qe7 16. Bxd7+ Kxd7 17.
Be3 Rhd8 18. O-O $14) 10... dxc3 11. exf6 Qc7 (11... Qxf6 $5 12. O-O (12. Bg5
Qd6 13. O-O f6 14. Rfe1+ Kd8 15. Be3 $13) 12... h6 (12... cxb2 13. Bxb2 Qd6 14.
Rfe1+ Kd8 15. Ng5 Qf4 16. Qc1 $18) 13. Re1+ (13. bxc3 Bd6 14. Qa4 O-O-O 15. Be3
Ne5 $11) 13... Kd8 14. bxc3 Bd6 $13) 12. Qe2+ Kd8 13. fxg7 (13. Bxd7 Kxd7 14.
Ne5+ Kd8 15. Bg5 g6 16. Bf4 Bd6 17. Nxf7+ Qxf7 18. Bxd6 cxb2 19. Be7+ Kd7 20.
Qxb2 Qe6+ $11) 13... Bxg7 14. O-O Re8 (14... a6 15. Bxd7 Kxd7 16. bxc3 Qxc3 17.
Rb1 $40) (14... cxb2 15. Bxb2 Re8 16. Qd2 Bxb2 17. Qxb2 Qf4 18. Rfe1 Rg8 19.
Qe2 $40) 15. Bg5+ $1 f6 16. Be3 {[%mdl 128] For all her suffering black has
only won a pawn and the king remained in the center.} a6 (16... cxb2 17. Qxb2
Re7 18. Rfe1 Nc5 19. Bd4 $36) 17. Bxd7 (17. Bd3 Ne5 $1 18. Nxe5 fxe5 $11) 17...
Kxd7 (17... Qxd7 $2 18. Bxb6+ Kc8 19. Qc2 Qc6 20. Bd4 $18) 18. Nd4 (18. bxc3
Re4 (18... Qxc3 19. Rfc1 Qa5 20. Nd4 Re4 21. Qh5 $18) 19. Nd2 $1 (19. Nd4)
19... Rh4 20. g3 Ra4 21. Qh5 $16) 18... Re4 (18... cxb2 19. Qg4+ $5 (19. Qxb2
f5 20. Rac1 Qd6 21. Qc2 Bxd4 22. Bxd4 Re4 $11) 19... Kd8 20. Rab1 Bc8 21. Qh5
$14) 19. bxc3 Qe5 (19... Rae8 20. Qh5 Kd8 21. Rfb1 $1 $14) 20. Rfb1 $1 b5 (
20... Qc7 21. Nf5 Bf8 22. Qh5 $18) 21. a4 {Now the defender can claim no
compensation for the horrendous suffering, white must be winning.} Bh6 (21...
Bc6 $2 22. axb5 axb5 23. Nxc6 $18) 22. axb5 a5 (22... Bxe3 23. fxe3 Rxe3 24.
Qg4+ f5 25. Nxf5 Re4 26. Qh5 $18) 23. Qf3 (23. Re1 $16) 23... Bxe3 24. fxe3 Rg8
(24... Rxe3 25. Qg4+ Kd8 26. Qg8+ Qe8 27. Qxh7 $18) 25. Qh3+ Reg4 (25... Ke8
26. Qxh7 Qg5 27. Qh3 Rxe3 28. Re1 $18) 26. Rxa5 Kd6 (26... Ke8 27. Rb2 $18) 27.
Ra2 Bc8 (27... Qe4 28. Rf1 Bc8 29. Qf3 $18) 28. Qf3 Rh4 (28... Re4 29. Rf2 Rxe3
30. Qxf6+ Qxf6 31. Rxf6+ Ke5 32. Rh6 Rxc3 33. Nc6+ Ke4 34. Rxh7 $18) 29. g3 Re4
30. b6 Rxe3 31. b7 $1 {Nice tactical shot, that aims to shorten the burden of
poor black king.} Re1+ (31... Rxf3 32. b8=Q+ Ke7 33. Ra7+ Bd7 34. Rxd7+ Kxd7
35. Rb7+ $18) 32. Rxe1 Qxe1+ 33. Kg2 Bxb7 34. Qxf6+ Kc5 (34... Kd7 35. Qf7+ $18
) 35. Re2 (35. Nb3+ Kb5 36. Ra5+ Kc4 37. Qd4+ Kxb3 38. Qb4+ Kc2 39. Ra2+ Kc1
40. Qb2+ Kd1 41. Qc2#) 35... Qb1 (35... Qxc3 36. Rc2 (36. Ne6+ Kc4 37. Qe7 $18)
36... Qxc2+ 37. Nxc2 $18) 36. Ne6+ Kb5 37. Qf7 Ka5 38. Qc7+ (38. Qc7+ Ka6 39.
Nc5+ Ka7 40. Nxb7 $18) 1-0

[Event "Cap d'Agde KO"]
[Site "Cap d'Agde"]
[Date "2003.10.30"]
[Round "3.2"]
[White "Anand, Viswanathan"]
[Black "Kramnik, Vladimir"]
[Result "1-0"]
[WhiteElo "2766"]
[BlackElo "2777"]
[Annotator "Rogozenco,D"]
[PlyCount "91"]
[EventDate "2003.10.27"]
[EventType "k.o. (rapid)"]
[EventRounds "4"]
[EventCountry "FRA"]
[SourceTitle "CBM 098"]
[Source "ChessBase"]
[SourceDate "2004.02.03"]
[SourceVersion "1"]
[SourceVersionDate "2004.02.03"]
[SourceQuality "1"]

{[%mdl 3]} 1. e4 {Cifuentes,R} c5 2. Nf3 Nc6 3. d4 cxd4 4. Nxd4 Nf6 5. Nc3 e5
6. Ndb5 d6 7. Bg5 a6 8. Na3 b5 9. Bxf6 gxf6 10. Nd5 f5 11. Bd3 Be6 12. c3 Bg7
13. Qh5 O-O 14. O-O (14. exf5 {Cifuentes,R} Bxd5 15. f6 h6 $1 (15... e4 $5 16.
fxg7 Re8 17. Be2 Re5 18. Qh6 b4 $1 (18... Qg5 19. Qxg5 Rxg5 20. Nc2 Be6 21. Ne3
Kxg7 22. a4 b4 $11) 19. Nc2 (19. Nc4 Bxc4 20. Bxc4 bxc3 21. bxc3 Rc5 (21... d5
22. Qxc6 Rc8 23. Qxa6 Rxc4 $44) 22. Bb3 Na5 23. O-O Nxb3 24. axb3 Rxc3 $11)
19... bxc3 20. bxc3 Be6 $142 (20... Qg5 $6 {Según Glavina este orden es
impreciso.} 21. Qxg5 Rxg5 22. O-O (22. O-O-O $5 {intentando aprovechar el
orden de jugadas de Van Wely.} Bxa2 23. Rxd6 Rc5 24. Kd2 $14) 22... Be6 23.
Rfd1 Rc5 24. Rxd6 Rxc3 25. Ne3 Nb4 $1 26. a4 Nc2 27. Nxc2 {1/2-1/2 Anand,V-Van
Wely,L/Wijk aan Zee NED 2003 (27)}) 21. Ne3 Qg5 22. Qxg5 Rxg5 23. Kd2 Rb8 24.
Rhb1 Rxb1 25. Rxb1 Ra5 26. Rb6 Rxa2+ 27. Ke1 Ra1+ $11) 16. fxg7 (16. Qf5 e4 17.
fxg7 Re8 18. Bc2 Re5 19. Qf4 Qg5 $11) 16... Kxg7 17. Nc2 (17. Qf5 Qg5 $1) 17...
Be6 18. Ne3 d5 19. h4 Qf6 20. Bf5 Bxf5 21. Nxf5+ Kh7 22. Rd1 Rad8 23. Rh3 Qg6
24. Qxg6+ fxg6 25. Ne3 d4 26. Nc2 Rf4 $15 {1/2-1/2 Anand,V-Ivanchuk,V/Linares
ESP 2002 (49)}) (14. Nc2 $2 {Cifuentes,R} fxe4 15. Bxe4 f5 16. Nf6+ Rxf6 17.
Bxc6 Rc8 18. Bb7 Rb8 19. Bxa6 Rb6 20. Nb4 Qa8 21. a4 Bf7 $1 22. Qf3 Rxa6 $17 {
Akvist-Joksik/Reggio Emilia 1976-77}) 14... f4 {Thanks to Anand's efforts,
this position became fashionable lately and I suspect it will be even more
popular in the near future, since it appears to be like a promising attempt
for White to fight for advantage in Sveshnikov Sicilian, especially because
other tries have failed so far. Actually I believe that due to the relatively
new type of positions, the present game probably opens a new and wide field
for further developments in the theory of Sveshnikov Sicilian.} 15. Rfd1 {
Leaving the other rook on a1 in order to support the advance a2-a4.} (15. Nc2 {
allows the immediate ...f5. However, the arising positions need more practical
tests for the final verdict, since most of the evaluations are based on old
and rather poorly analized games.} f5 {The positional threat now is 16...Bxd5
17.exd5 Ne7, so White should probably bring the second knight to b4, when many
interesting variations need to be checked more carefully. For instance:} 16.
Ncb4 Nxb4 17. Nxb4 a5 18. exf5 (18. Nc2 Qd7 $13) 18... Bf7 19. Qh3 Qd7 20. Nc2
(20. Nc6 Qxc6 (20... Bc4 $2 21. Bxc4+ bxc4 22. Qf3 Ra6 (22... d5 23. Qxd5+ Qxd5
24. Ne7+ $18) 23. Qd5+ Kh8 24. Nxa5 $16 {1-0 Tolnai,T-Thallinger,G/Caorle 1989
(47)}) 21. f6 e4 22. fxg7 Kxg7 {is good for Black.}) 20... d5 {is considered
to be fine for Black because of the game Klovans-Timoscenko, 1974, which
continued:} 21. Rad1 Ra6 22. Qg4 (22. a4 Rh6 23. Bxb5) 22... Rh6 23. Qe2 f3 24.
gxf3 Qe7 25. f4 e4 26. Bxb5 Bh5 27. f3 Qc5+ 28. Ne3 exf3 29. Qd3 f2+ 30. Kxf2
Bxd1 31. Rxd1 Kh8 {and in some sources this position is evaluated as winning
for Black. In the game actually Black blundered and White won pretty soon.
While I doubt that the evaluation of the present position is so clear, White's
earlier play can certainly be improved several times, the most noticeable
possibilities are 22.a4 (instead of 22.Qg4) and 30.Rxf2 (instead of 30.Kxf2).
Anyway, it seems to me that after 15.Nc2 f5 Black should be doing fine one way
or another, and that's why in the modern practice White was trying exclusively
to place a rook on d1 (instead of 15.Nc2) and prevent 15...f5.}) (15. Rad1 {
Anand used this move several times, connecting it with the next g2-g3. As
mentioned before, White needs a rook on d1 in order to prevent Black from
playing f7-f5.} Kh8 $13 {/=} (15... f5 16. exf5 (16. Bc2 $5) 16... Bxd5 17. f6
Rxf6 18. Bxh7+ Kf8 19. Rxd5 Ne7 20. Qf3 Nxd5 21. Qxd5 $44)) 15... Rb8 {Black
has a lot of other options.} (15... Ne7 {'!?' Cifuentes,R.} 16. Nxe7+ (16. Nc2
Bxd5 17. exd5 f5 $132) 16... Qxe7 17. Nc2 Qd7 (17... Kh8 {Cifuentes,R} 18. Nb4
Qd7 19. h3 a5 20. Nd5 Bxd5 21. exd5 f5 22. a4 bxa4 23. Bc2 Rab8 24. Bxa4 Qc7
25. Qe2 e4 26. Bc6 Be5 27. Kh1 Rg8 28. Rg1 Rxg2 $1 29. Rxg2 f3 30. Qf1 fxg2+
31. Qxg2 Rg8 (31... Rxb2 $1) 32. Qf1 Qf7 33. c4 Qh5 34. Ra3 f4 35. f3 (35. Bd7
f3) 35... Bd4 $19 {Pitl,G-Wendt,J/Budapest 2003}) (17... Qd7 18. Qe2 Kh8 19. a4
$6 bxa4 20. Bxa6 f3 $1 21. gxf3 Bh6 22. Ne3 Rg8+ 23. Kh1 Bf4 24. Rg1 Qe7 25.
Rxg8+ Rxg8 26. Rg1 Rxg1+ 27. Kxg1 Bh3 28. Ng2 Qg5 29. Qf1 Bc1 $17) 18. h3 (18.
Qe2 {Cifuentes,R} Kh8 19. a4 $6 bxa4 20. Bxa6 f3 $1 21. gxf3 Bh6 22. Ne3 Rg8+
23. Kh1 Bf4 24. Rg1 Qe7 25. Rxg8+ Rxg8 26. Rg1 Rxg1+ 27. Kxg1 Bh3 28. Ng2 Qg5
29. Qf1 Bc1 $17) 18... Kh8 $13) (15... f5 $6 16. exf5 (16. Bc2 $5) 16... Bxd5
17. f6 Bh6 {An interesting idea, designed to keep the light-squared bishop on
the board. However, White can achieve an advantage thanks to the somewhat
exposed king's position on g8.} (17... Rxf6 18. Bxh7+ Kf8 19. Rxd5 Ne7 20. Be4
$44) 18. Qxh6 Ra7 19. Bxb5 $1 (19. Bxh7+ Rxh7 20. Qg5+ Kh8 21. Rxd5 f3 $1 $36)
19... Rxf6 (19... Bxg2 20. Rxd6 (20. Bc4+ $18) 20... Qxd6 21. f7+ {[%cal Gh6d6,
Gf7g8]}) 20. Qh5 Bf7 21. Qg5+ Rg6 22. Qxd8+ Nxd8 23. Bd3 $16 {[%cal Gd3e4]}) (
15... Kh8 $5 16. Nc2 $140 f5 (16... Rg8 17. a4 bxa4 18. Rxa4 a5 $13) 17. exf5
Bxd5 18. f6 Bh6 $1 19. Qxh6 Ra7 $13 20. Bxb5 Rxf6 21. Qh5 Bxg2 $1 22. Kxg2 axb5
$132 {[%csl Rg2]}) 16. Nc2 Qd7 17. h3 $1 {It's important to keep the queen on
h5 in order to prevent Black from taking on d5. Later in the game it turned
out that this move is also useful to avoid back rank problems.} (17. Qe2 Bxd5
18. exd5 Ne7 $11) 17... a5 (17... f5 {'!' Cifuentes,R. also doesn't fully
solve the opening problems:} 18. Ncb4 Nxb4 19. Nxb4 a5 20. exf5 $1 (20. Nc2 $6
{1-0 Pfaffel,T-Steiner,P/Austria 1995 (40)} d5 $1 {Cifuentes,R} 21. exf5 (21.
exd5 Qxd5 $15) 21... Bf7 22. Qg4 Qc6 $44) 20... Bf7 (20... Bxf5 {'?!'
Cifuentes,R. runs into} 21. Nc6 $1 {'!!' Cifuentes,R.} Qxc6 {Cifuentes,R} (
21... Rbe8 {Cifuentes,R} 22. Bxb5 $14) (21... Qxc6 22. Bxf5 h6 23. Qg6 Rf6 24.
Qh7+ Kf8 25. Be4 Qe8 26. Bd5 $16) 22. Bxf5 h6 23. Qg6 Rf6 24. Qh7+ Kf8 25. Be4
Qe8 26. Bd5 $16) 21. Qh4 axb4 22. f6 $36 {1/2-1/2 Hawley,M-Kolenbrander,J/
EU-chT1 corr7281 (32)} Bg6 {Cifuentes,R} 23. fxg7 (23. Bxg6 $2 Bxf6 $1) 23...
Qxg7 24. Bxg6 Qxg6 25. cxb4 Kh8 26. Qg4 (26. Rd5 Rf5 $1) 26... Qe4 $1 27. Qh4
$36) 18. Na3 $1 $146 {[%csl Rb5] Anand comes up with a move, which attacks the
newly created weakness on b5, but which in fact is designed in the end to
target the weak pawn on d6.  Starting with this moment White convincingly
increases the positional advantage.} (18. Be2 f5 19. exf5 Rxf5 20. Qf3 Rg5 {
was good for Black in Ratti,R-Cramling,D/Groningen 1978.}) 18... b4 {A natural
continuation, but maybe it was better to protect the pawn instead of allowing
White to establish a knight on b5.} (18... Na7 $5 {This retreat is quite
typical for Sveshnikov Sicilian. The knight goes to the "ugly" square a7, but
on the other hand White's last move was also Nc2-a3, so both knights
"compensate" each other. Now Black threatens 19...Bxd5 20.exd5 f5.} 19. Bc2 $14
(19. c4 $5)) 19. Nb5 $1 {The knight will prove to be very strong on b5.} bxc3
20. bxc3 $14 {White has a stable advantage and earlier improvements must be
found for Black.} Ne7 (20... Rb7 21. a4 Ne7 22. Bc4 $14) 21. Ndc7 $1 {
Unexpected way to catch Black's bishop on e6.} Rbc8 22. Nxe6 fxe6 23. a4 {
Here Black needs to do something out of ordinary, otherwise he will slowly die
without getting any counterplay. In the game Kramnik's defensive plan failed
to succeed.} Kh8 24. Bc2 {[%csl Rd6]} Rc6 25. Rd2 Nc8 26. Rad1 Qe7 27. Bb3 {
All White's pieces are perfectly placed. There is no doubt about the
evaluation - White has a huge positional advantage. Probably Black should try .
..f3 at some moment to complicate matters, although it is unclear how to
follow up after the simple g3.} Rf6 28. c4 {The start of decisive breakthrough.
} Rh6 (28... Bf8 29. c5 Rxc5 30. Nxd6 Nxd6 31. Rxd6 Qxd6 32. Rxd6 Bxd6 33. Qe8+
Bf8 34. Bxe6 $18 {is practically the same as the game.}) 29. Qf3 Bf8 30. c5 $1
{No wonder there is a tactical way for White to convert his advantage.} Rxc5 (
30... dxc5 31. Rd7 (31. Rd8 $5 {[%cal Gd1d7]}) 31... Qg5 32. Rf7 Be7 33. Rd7
Kg8 (33... c4 34. Na7 Rd6 35. Rfxe7 (35. Rc7 $5) 35... Nxe7 36. Rxd6 cxb3 37.
Qxb3 Rg6 38. Qf3 $16 {[%csl Re5,Re6,Rh8]}) 34. Na7 Kxf7 35. Nxc6 $18) 31. Nxd6
Nxd6 32. Rxd6 Qxd6 33. Rxd6 Bxd6 34. Qd3 {[%csl Rc5,Rd6,Rh6,Rh8] Total lack of
coordination between Black's pieces. White is winning.} Rc6 35. Qb5 Rc1+ 36.
Kh2 Rf6 37. Qe8+ Bf8 38. Bxe6 f3 {This obviously cannot change anything now.
Black has no pieces for attack, so white king finds a path to enter into
Black's camp without any real danger for White.} (38... Rc2 39. Qd8 Kg7 40.
Qd7+ Kh8 41. Bf5 Bg7 42. Qe8+ Rf8 43. Qh5 h6 44. Qg6 Kg8 45. Qh7+ Kf7 46. Bg6+
Kf6 47. Bh5 $18) 39. g4 Rf1 40. Kg3 Rg1+ 41. Kh4 Kg7 (41... Rh6+ 42. Kg5 Rg6+
43. Kf5 $18) 42. g5 Rf4+ 43. Kh5 Rg2 44. Bf5 Rxf5 45. exf5 Rxf2 46. Qxe5+ 1-0